Loading...
| Fine Arts - Other | 0 | 4 | 0 | 0 | 40 | 20 | 63.25 | 2 | 4 | 19.58 | 33.33 |
| Science - Biology | 0 | 3 | 0 | 1 | 30 | 56 | 80.00 | 1 | 2 | 6.83 | 22.62 |
| History - American | 0 | 2 | 0 | 0 | 20 | 86 | 90.50 | 0 | 1 | 3.05 | 11.67 |
| Science - Other | 0 | 2 | 1 | 0 | 15 | 88 | 108.50 | 0 | 0 | 3.71 | 8.57 |
| Philosophy | 0 | 1 | 0 | 1 | 10 | 94 | 94.00 | 0 | 1 | 1.42 | 8.33 |
| Popular Culture | 0 | 1 | 0 | 0 | 10 | 57 | 57.00 | 0 | 1 | 8.03 | 11.11 |
| Literature - European | 0 | 1 | 0 | 0 | 10 | 56 | 56.00 | 1 | 1 | 4.56 | 7.14 |
| History - European | 0 | 1 | 0 | 0 | 10 | 81 | 81.00 | 0 | 0 | 2.64 | 5.00 |
| Current Events | 0 | 1 | 0 | 0 | 10 | 59 | 59.00 | 0 | 1 | 9.07 | 15.00 |
| Literature - World | 0 | 1 | 0 | 1 | 10 | 106 | 106.00 | 0 | 0 | 0.00 | 2.86 |
| Science - Chemistry | 0 | 2 | 2 | 0 | 10 | 82 | 82.50 | 0 | 2 | 3.81 | 13.33 |
| Fine Arts - Classical Music | 0 | 0 | 1 | 0 | -5 | 0.00 | 0 | 0 | 0.00 | 0.00 | |
| History - Other | 0 | 0 | 1 | 0 | -5 | 0.00 | 0 | 0 | 0.00 | 0.00 |